The best collection of Carpenters

Đã lưu trong:
書目詳細資料
格式: 圖書
語言:Undetermined
出版: Thành phố Hồ Chí Minh Trẻ 2004
主題:
標簽: 添加標簽
沒有標簽, 成為第一個標記此記錄!
Thư viện lưu trữ: Trung tâm Học liệu Trường Đại học Cần Thơ
LEADER 00471nam a2200181Ia 4500
001 CTU_60392
008 210402s9999 xx 000 0 und d
020 |b 76000 
082 |a 782.42 
082 |b B561 
245 4 |a The best collection of Carpenters 
260 |a Thành phố Hồ Chí Minh 
260 |b Trẻ 
260 |c 2004 
650 |a Songs 
650 |x Collections 
904 |i Minh, Năm 
980 |a Trung tâm Học liệu Trường Đại học Cần Thơ